Domingo de Caralt / (Record no. 184914)

MARC details
000 -LEADER
campo de control de longitud fija 00652nam a2200193 i 4500
001 - NÚMERO DE CONTROL
campo de control 184914
003 - IDENTIFICADOR DE NÚMERO DE CONTROL
campo de control ES-MaACL
005 - FECHA Y HORA DE LA ÚLTIMA TRANSACCIÓN
campo de control 20250905163737.0
008 - DATOS DE LONGITUD FIJA--INFORMACIÓN GENERAL
campo de control de longitud fija 160218s1965 sp |||| | spa d
100 1# - ENTRADA PRINCIPAL--NOMBRE DE PERSONA
Nombre de persona Martí i Coll, Antoni.
9 (RLIN) 158805
245 10 - MENCIÓN DEL TÍTULO
Título Domingo de Caralt /
Mención de responsabilidad, etc. Antonio Martí Coll.
260 ## - PUBLICACIÓN, DISTRIBUCIÓN, ETC.
Lugar de publicación, distribución, etc. Mataro :
Nombre del editor, distribuidor, etc. Caja de Ahorros de Mataró,
Fecha de publicación, distribución, etc. 1965.
300 ## - DESCRIPCIÓN FÍSICA
Extensión 168, IV p. de lám. ;
Dimensiones 22 cm.
504 ## - NOTA DE BIBLIOGRAFÍA, ETC.
Nota de bibliografía, etc. Referencias bibliográficas.
600 17 - PUNTO DE ACCESO ADICIONAL DE MATERIA--NOMBRE DE PERSONA
Nombre de persona Caralt i Plàcies, Domènec de,
Fechas asociadas al nombre 1781-1836
Fuente del encabezamiento o término
9 (RLIN) 158806
651 #4 - PUNTO DE ACCESO ADICIONAL DE MATERIA--NOMBRE GEOGRÁFICO
Nombre geográfico España-
Subdivisión general Historia-
Subdivisión cronológica 1814-1833, Fernando VII
9 (RLIN) 8248
852 ## - LOCALIZACIÓN
Ubicación ES-MaACL
Número de control de estantería C-28242
Holdings
Estatus retirado Estado de pérdida Estado de daño No para préstamo Biblioteca de origen Biblioteca actual Ubicación en estantería Fecha de adquisición Fuente de adquisición Total de préstamos Signatura topográfica completa Código de barras Visto por última vez Precio de reemplazo Tipo de ítem Koha
        Biblioteca del Ateneo de Madrid Biblioteca del Ateneo de Madrid Depósito 2 18/02/2016     C-28242 1194759 23/02/2023 23/02/2023 Libro impreso